[Event "22nd Abu Dhabi Masters"]
[Site "Abu Dhabi UAE"]
[Date "2015.08.26"]
[Round "5.6"]
[White "Gabuzyan,H"]
[Black "Areshchenko,A"]
[Result "0-1"]
[WhiteTitle "GM"]
[BlackTitle "GM"]
[WhiteElo "2593"]
[BlackElo "2661"]
[WhiteFideId "13303732"]
[BlackFideId "14109530"]
[EventDate "2015.08.23"]

1. c4 g6 2. Nc3 c5 3. g3 Bg7 4. Bg2 Nc6 5. Nf3 e6 6. d4 cxd4 7. Nb5 d5 8. cxd5
exd5 9. O-O Nge7 10. Bf4 O-O 11. Qd2 Bg4 12. Nbxd4 Qb6 13. Rfd1 Rfe8 14. Be3 Qa6
15. h3 Bxf3 16. exf3 Nxd4 17. Bxd4 Bxd4 18. Qxd4 Red8 19. f4 Rd6 20. Rd2 Rad8
21. b3 Qb6 22. Qb2 d4 23. Rad1 R6d7 24. h4 Qf6 25. Be4 Kg7 26. Qc2 Rc8 27. Qd3
Qb6 28. h5 Ng8 29. Qf1 f5 30. Qh3 Nf6 31. h6+ Kf8 32. Bd3 Re8 33. Qh4 Rde7 34.
Kf1 a6 35. Qh1 Ng4 36. Bc4 Rd8 37. Kg1 Qc5 38. Re2 d3 39. Red2 b5 40. Bxd3 Rxd3
41. Qa8+ Kf7 42. Qh8 Rxg3+ 43. Kh1 Qc6+ 44. Rd5 Qxd5+ 0-1

[Event "22nd Abu Dhabi Masters"]
[Site "Abu Dhabi UAE"]
[Date "2015.08.26"]
[Round "5.7"]
[White "Kulaots,K"]
[Black "Vovk,Y"]
[Result "1-0"]
[WhiteTitle "GM"]
[BlackTitle "GM"]
[WhiteElo "2573"]
[BlackElo "2624"]
[WhiteFideId "4500261"]
[BlackFideId "14113171"]
[EventDate "2015.08.23"]

1. e4 c5 2. Nf3 d6 3. d4 cxd4 4. Nxd4 Nf6 5. Nc3 e6 6. g4 e5 7. Bb5+ Bd7 8.
Bxd7+ Qxd7 9. Nf5 h5 10. Bg5 Nh7 11. Bh4 g6 12. Ne3 hxg4 13. Ncd5 Bg7 14. h3 g3
15. fxg3 Nc6 16. c3 g5 17. Nf5 O-O-O 18. Nxg7 gxh4 19. gxh4 Ne7 20. Nxe7+ Qxe7
21. Nf5 Qe6 22. c4 Nf6 23. Qd3 Nh5 24. O-O-O Nf4 25. Qc2 Ng6 26. Kb1 Kb8 27. Qd3
Ne7 28. Nxd6 Nc8 29. c5 Rxh4 30. Qb5 Qd7 31. Qb3 Qc7 32. Qxf7 Nxd6 33. Qf6 Rxe4
34. cxd6 Qd7 35. h4 Re2 36. a3 a6 37. Rhe1 Rxe1 38. Rxe1 Qxd6 39. Qxd6+ Rxd6 40.
h5 e4 41. Kc2 Rh6 42. Rh1 Kc7 43. Kc3 e3 44. Kd3 Kd6 45. Kxe3 Ke5 46. Rh2 Kf6
47. Kd4 Kg7 48. Kd5 Rb6 49. h6+ Kh7 50. b4 Rc6 51. Rh3 Rg6 52. Rh4 Rf6 53. a4
Rg6 54. Re4 Rxh6 55. Re7+ Kg8 56. Rxb7 Kf8 57. a5 Ke8 58. Rb6 Rh4 1-0

[Event "22nd Abu Dhabi Masters"]
[Site "Abu Dhabi UAE"]
[Date "2015.08.26"]
[Round "5.8"]
[White "Petrosian,TL"]
[Black "Belous,V"]
[Result "1/2-1/2"]
[WhiteTitle "GM"]
[BlackTitle "GM"]
[WhiteElo "2623"]
[BlackElo "2566"]
[WhiteFideId "13301616"]
[BlackFideId "4174003"]
[EventDate "2015.08.23"]

1. Nf3 c5 2. g3 Nc6 3. c4 g6 4. Bg2 Bg7 5. Nc3 Nh6 6. d4 cxd4 7. Nxd4 Nxd4 8.
Bxh6 Bxh6 9. Qxd4 O-O 10. O-O Bg7 11. Qe3 d6 12. Rfd1 Bxc3 13. Qxc3 Qc7 14. Rd4
Rb8 15. Rh4 e5 16. Qe3 Be6 17. Qxa7 g5 18. Rh5 h6 19. h4 Kg7 20. hxg5 hxg5 21.
Qe3 f6 22. Be4 Rh8 23. Rxh8 Rxh8 24. b3 b6 25. Rd1 Kf7 26. Bd5 Qc5 27. Qe4 Ke7
28. Qg6 Rf8 29. Bxe6 Kxe6 30. Qh6 Qc8 31. Qh3+ Ke7 32. Qxc8 Rxc8 33. g4 Rf8 34.
Kg2 Kd7 35. Kf3 Rh8 36. Ke3 Rh2 37. a4 Rh3+ 38. f3 Rh8 39. Ke4 Rh2 40. Re1 Ke6
41. b4 Rh4 42. Ke3 f5 43. Rg1 d5 44. cxd5+ Kxd5 45. a5 f4+ 46. Kd3 bxa5 47. bxa5
Rh3 48. a6 e4+ 49. Kd2 exf3 50. a7 Rh8 51. Rb1 Ra8 52. exf3 Rxa7 53. Rb5+ Kd4
54. Rb4+ Kd5 55. Rb5+ Kd4 56. Rb4+ Kd5 57. Rb5+ 1/2-1/2

[Event "22nd Abu Dhabi Masters"]
[Site "Abu Dhabi UAE"]
[Date "2015.08.26"]
[Round "5.9"]
[White "Romanov,E"]
[Black "Rakhmanov,Ale"]
[Result "1-0"]
[WhiteTitle "GM"]
[BlackTitle "GM"]
[WhiteElo "2586"]
[BlackElo "2620"]
[WhiteFideId "4148843"]
[BlackFideId "4173708"]
[EventDate "2015.08.23"]

1. d4 f5 2. g3 Nf6 3. Bg2 e6 4. c4 c6 5. Nd2 d5 6. Nh3 Bd6 7. O-O O-O 8. Qc2 Re8
9. Nf3 a5 10. Bf4 Bf8 11. Ne5 Nbd7 12. Rad1 Qe7 13. Bg5 Qd6 14. Kh1 a4 15. f3 a3
16. Nxd7 Nxd7 17. b3 h6 18. Bf4 Qe7 19. e4 dxe4 20. fxe4 e5 21. dxe5 fxe4 22.
Nf2 Nxe5 23. Nxe4 Bf5 24. Qc3 Qb4 25. Qd4 Bg4 26. Rd2 Nf7 27. h3 Rad8 28. Qf2
Bh5 29. Rxd8 Rxd8 30. Bd2 Qe7 31. Re1 Qd7 32. Bc3 Bg6 33. Nc5 Bxc5 34. Qxc5 Qd3
35. Re3 Qb1+ 36. Kh2 Qxa2 37. Qe7 Qc2 38. Qxa3 Rd7 39. Re8+ 1-0

[Event "22nd Abu Dhabi Masters"]
[Site "Abu Dhabi UAE"]
[Date "2015.08.26"]
[Round "5.10"]
[White "Gupta,Ab"]
[Black "Nevednichy,V"]
[Result "1-0"]
[WhiteTitle "GM"]
[BlackTitle "GM"]
[WhiteElo "2619"]
[BlackElo "2549"]
[WhiteFideId "5010608"]
[BlackFideId "1205730"]
[EventDate "2015.08.23"]

1. d4 Nf6 2. c4 e6 3. Nf3 d5 4. g3 Bb4+ 5. Bd2 Be7 6. Bg2 c6 7. O-O Nbd7 8. Qc2
O-O 9. Rd1 a5 10. Bf4 h6 11. Nc3 dxc4 12. e4 a4 13. d5 exd5 14. exd5 Nxd5 15.
Nxd5 cxd5 16. Rxd5 Qb6 17. Nd2 c3 18. bxc3 Nf6 19. Rb1 Qa7 20. Be3 Qb8 21. Rdb5
Qc7 22. Bb6 Qd7 23. Nc4 Qe6 24. Qd3 Nd7 25. Bd5 Qh3 26. Bd4 Ra6 27. Re1 Re6 28.
Rxe6 fxe6 29. Bg2 Qg4 30. h3 Nb8 1-0

[Event "22nd Abu Dhabi Masters"]
[Site "Abu Dhabi UAE"]
[Date "2015.08.26"]
[Round "5.11"]
[White "Onischuk,V"]
[Black "Pascua,H"]
[Result "0-1"]
[WhiteTitle "GM"]
[BlackTitle "IM"]
[WhiteElo "2618"]
[BlackElo "2447"]
[WhiteFideId "14114038"]
[BlackFideId "5203953"]
[EventDate "2015.08.23"]

1. e4 c5 2. Nf3 Nc6 3. Nc3 Nf6 4. Bb5 g6 5. e5 Ng4 6. Bxc6 dxc6 7. h3 Nh6 8. g4
Bg7 9. Qe2 O-O 10. d3 Qb6 11. a4 a5 12. Nd2 f6 13. Nc4 Qc7 14. Bf4 f5 15. Qe3
Nf7 16. Qxc5 Be6 17. gxf5 gxf5 18. d4 Ra6 19. Ne3 Rd8 20. O-O-O b6 21. Qa3 Qb7
22. Rhg1 Kh8 23. Ne2 b5 24. axb5 cxb5 25. d5 b4 26. Qa2 b3 27. Qxb3 Rb6 28. Qa3
Bxd5 29. Nxf5 Bf8 30. Nc3 Be6 31. Rxd8 Nxd8 32. Nd4 Bg8 33. Qxa5 Ne6 34. Nxe6
Bxe6 35. Be3 Ra6 36. Qd8 Ra8 37. Qd4 Ra1+ 38. Nb1 Qa8 39. Kd2 Ra4 40. b4 Qb8 41.
c3 Ra2+ 42. Kc1 Qa8 43. Rd1 Bf5 44. e6+ Kg8 45. Rg1+ Bg6 46. Qf4 Bg7 47. Bd4 Bh6
48. Rxg6+ hxg6 0-1

[Event "22nd Abu Dhabi Masters"]
[Site "Abu Dhabi UAE"]
[Date "2015.08.26"]
[Round "5.12"]
[White "Swiercz,D"]
[Black "Vakhidov,J"]
[Result "1-0"]
[WhiteTitle "GM"]
[BlackTitle "GM"]
[WhiteElo "2617"]
[BlackElo "2525"]
[WhiteFideId "1126881"]
[BlackFideId "14201801"]
[EventDate "2015.08.23"]

1. d4 Nf6 2. c4 c5 3. d5 e5 4. Nc3 d6 5. e4 Nbd7 6. g3 a6 7. a4 Be7 8. Bg2 Nf8
9. h4 Rb8 10. Nf3 h6 11. Qd3 N8h7 12. Nd2 Bd7 13. Nf1 O-O 14. Ne3 g6 15. Bd2 Kg7
16. Qe2 Qc8 17. f4 Nh5 18. Qf3 exf4 19. gxf4 f5 20. e5 dxe5 21. fxe5 f4 22. e6
Bxe6 23. dxe6 Qxe6 24. Qd5 Qb6 25. Ng4 Rbd8 26. Qe4 N7f6 27. Nxf6 Bxf6 28. O-O-O
Ng3 29. Qc2 Bd4 30. Nd5 Qd6 31. Bf3 b5 32. Rhe1 bxc4 33. Qxc4 Rf5 34. Ne7 Rf6
35. Nc6 Rd7 36. Re8 Rdf7 37. Rd8 Qe6 38. Qxe6 Rxe6 39. Nxd4 cxd4 40. Rxd4 g5 41.
Bc3 Kg6 42. Rd8 Ne2+ 43. Bxe2 Rxe2 44. Rg8+ Kh7 45. Rh8+ Kg6 46. hxg5 Kxg5 47.
Rg1+ Kf5 48. Rxh6 f3 49. Rf1 Kf4 50. Rxa6 f2 51. Rd6 Kf3 52. a5 Kg2 53. Rdd1 Rc7
54. Kb1 Rc4 55. Rc1 Ra4 56. Rfd1 Rae4 57. Bd4 f1=Q 58. Rxf1 Rxd4 59. Rfd1 Ra4
60. Rc2 Rxc2 61. Kxc2 Rxa5 62. b4 Ra8 63. b5 Rb8 64. Rb1 Kf3 65. Kd3 Kf4 66. Kd4
Kf5 67. Kd5 Kf6 68. Kd6 Rd8+ 69. Kc7 Rd2 70. b6 Rc2+ 71. Kd6 Rd2+ 72. Kc6 Rc2+
73. Kb5 1-0

[Event "22nd Abu Dhabi Masters"]
[Site "Abu Dhabi UAE"]
[Date "2015.08.26"]
[Round "5.13"]
[White "Kovchan,A"]
[Black "Timofeev,Arty"]
[Result "1/2-1/2"]
[WhiteTitle "GM"]
[BlackTitle "GM"]
[WhiteElo "2605"]
[BlackElo "2542"]
[WhiteFideId "14103052"]
[BlackFideId "4140419"]
[EventDate "2015.08.23"]

1. e4 c5 2. Nf3 d6 3. d4 cxd4 4. Nxd4 Nf6 5. Nc3 e6 6. Be3 Be7 7. f3 Nc6 8. Qd2
O-O 9. g4 d5 10. g5 Nxd4 11. Qxd4 Nh5 12. Rg1 dxe4 13. Nxe4 Bd7 14. O-O-O Bc6
15. Qe5 Qb8 16. Qxb8 Rfxb8 17. Bh3 e5 18. Bd7 Bxe4 19. fxe4 Nf4 20. Bxf4 exf4
21. Rd5 Rd8 22. h4 b6 23. Rf1 Bc5 24. Kd1 Be3 25. Ke2 g6 26. Rfd1 Kg7 27. Kf3 h6
28. e5 hxg5 29. hxg5 a5 30. c4 Rh8 31. e6 fxe6 32. Bxe6 Ra7 33. Rd8 Rxd8 34.
Rxd8 Re7 35. Rd6 Re8 36. a3 Rh8 37. Rd7+ Kf8 38. Rd8+ Kg7 39. Rd7+ Kf8 40. b4
axb4 41. axb4 Rh1 42. Rf7+ Ke8 43. Rf6 Rf1+ 44. Ke4 Bd2 45. c5 bxc5 46. bxc5 f3
47. c6 Rc1 48. Bd7+ Kd8 49. Kxf3 Bxg5 50. Rxg6 Be7 51. Rg7 Bd6 52. Ke4 Bh2 53.
Rg2 Bd6 54. Ra2 Bc7 55. Rd2 Ba5 56. Ra2 Bb6 57. Rh2 Kc7 58. Rh6 Re1+ 59. Kf5 Re7
60. Rg6 Bc5 61. Rh6 Rxd7 62. cxd7 Kxd7 63. Ke5 Bf2 64. Re6 Bg1 65. Kd5 Kc7 66.
Rc6+ Kb7 67. Kd6 Bh2+ 68. Kd7 Bg1 69. Rc1 Bf2 70. Rb1+ Ka6 71. Kc7 Ka5 72. Kc6
Be3 73. Kd5 1/2-1/2

[Event "22nd Abu Dhabi Masters"]
[Site "Abu Dhabi UAE"]
[Date "2015.08.26"]
[Round "5.14"]
[White "Esen,B"]
[Black "Prohaszka,P2"]
[Result "1/2-1/2"]
[WhiteTitle "GM"]
[BlackTitle "GM"]
[WhiteElo "2567"]
[BlackElo "2602"]
[WhiteFideId "6302114"]
[BlackFideId "726265"]
[EventDate "2015.08.23"]

1. d4 d5 2. c4 c6 3. Nc3 Nf6 4. e3 g6 5. Nf3 Bg7 6. Be2 O-O 7. O-O a6 8. Bd2
dxc4 9. Bxc4 b5 10. Be2 Nbd7 11. b4 a5 12. a3 axb4 13. axb4 Rxa1 14. Qxa1 e5 15.
Qa7 Re8 16. Rc1 e4 17. Ng5 h6 18. Ngxe4 Nxe4 19. Nxe4 Rxe4 20. Rxc6 Nf8 21. Qb8
Re8 22. Bxb5 Qd5 23. Rxc8 Rxc8 24. Qxc8 Qxb5 25. h3 Bf6 26. Qc1 Ne6 27. Qf1 Qd5
28. Qd3 Nc7 29. Qc2 Qb7 30. Qc4 Bg5 31. Kf1 h5 32. Be1 Be7 33. Kg1 Bd6 34. Bc3
Nd5 35. Bd2 Nxb4 36. Bxb4 Qxb4 37. Qc8+ Kg7 38. g3 Qb1+ 39. Kg2 Qe4+ 40. Kg1 Qf3
41. Qd7 Bb8 42. Qe7 Qf6 43. Qe4 Qe6 44. Qb7 Bd6 45. Kg2 Be7 46. h4 Bf6 47. Qa8
Qg4 48. Kf1 Be7 49. Qd5 Qe6 50. Qf3 f5 51. Kg2 Kf6 52. Kh2 Qe4 53. Qe2 f4 54.
Qa6+ Qe6 55. Qxe6+ Kxe6 56. exf4 Kf5 57. f3 Bf6 58. d5 Be7 59. Kh3 Bf8 60. g4+
hxg4+ 61. fxg4+ Kxf4 62. g5 Kf5 63. h5 gxh5 64. g6 Kxg6 65. d6 Bxd6 66. Kg2 Kf5 1/2-1/2

[Event "22nd Abu Dhabi Masters"]
[Site "Abu Dhabi UAE"]
[Date "2015.08.26"]
[Round "5.15"]
[White "Vaibhav,S"]
[Black "Shankland,S"]
[Result "1-0"]
[WhiteTitle "GM"]
[BlackTitle "GM"]
[WhiteElo "2552"]
[BlackElo "2655"]
[WhiteFideId "5045185"]
[BlackFideId "2004887"]
[EventDate "2015.08.23"]

1. d4 Nf6 2. c4 e6 3. Nf3 d5 4. Nc3 c6 5. e3 Nbd7 6. Qc2 Bd6 7. Bd3 O-O 8. O-O
dxc4 9. Bxc4 b5 10. Be2 a6 11. e4 e5 12. h3 Re8 13. Be3 Qc7 14. Rad1 exd4 15.
Nxd4 b4 16. Na4 Nxe4 17. Nxc6 Ndc5 18. Nxc5 Qxc6 19. Rxd6 Nxd6 20. Bf3 Qc7 21.
Bxa8 Bf5 22. Qd2 Rxa8 23. Qd5 Rd8 24. Bf4 Be6 25. Qe5 Qc8 26. Bg5 Nc4 27. Qg3
Rd5 28. Nxe6 fxe6 29. Rc1 Rc5 30. Be7 Rc6 31. Rd1 Kf7 32. Rd8 Qc7 33. Qf3+ Kg6
34. Qg4+ Kf7 35. Bg5 Ne5 36. Qh5+ Ng6 37. Qf3+ 1-0

[Event "22nd Abu Dhabi Masters"]
[Site "Abu Dhabi UAE"]
[Date "2015.08.26"]
[Round "5.16"]
[White "Sjugirov,S"]
[Black "Debashis,D"]
[Result "1/2-1/2"]
[WhiteTitle "GM"]
[BlackTitle "GM"]
[WhiteElo "2664"]
[BlackElo "2489"]
[WhiteFideId "4189302"]
[BlackFideId "5024854"]
[EventDate "2015.08.23"]

1. e4 c5 2. Nf3 d6 3. d4 cxd4 4. Nxd4 Nf6 5. Nc3 a6 6. h3 e6 7. g4 Be7 8. g5
Nfd7 9. Be3 b5 10. a3 Bb7 11. h4 Nc6 12. Rg1 Nc5 13. Nxc6 Bxc6 14. f3 O-O 15.
Qd2 Rb8 16. h5 a5 17. b4 axb4 18. axb4 Nd7 19. f4 Re8 20. Kf2 Bf8 21. Bd3 Qc8
22. Ra7 Nb6 23. Kg3 d5 24. exd5 exd5 25. Bd4 Nc4 26. Qf2 Nd6 27. Kh2 Ne4 28. Qf3
Rb7 29. Rxb7 Qxb7 30. Ne2 Bxb4 31. Be5 Bc5 32. Bd4 Bd6 33. Kg2 b4 34. Ra1 Nc5
35. g6 fxg6 36. hxg6 h6 37. f5 Nxd3 38. cxd3 Qe7 39. Ng3 Qg5 40. Ra7 Bf8 41. f6
gxf6 42. Qxf6 Qxf6 43. Bxf6 Re6 44. Nh5 Be8 45. Bd4 Bxg6 46. Nf4 Rc6 47. Nxd5
Bxd3 48. Nf6+ Rxf6 49. Bxf6 b3 50. Kf3 Bc2 51. Rb7 Ba3 52. Kg4 Kf8 53. Kh5 Bc1
54. Bg7+ Ke8 55. Bxh6 b2 56. Bg5 1/2-1/2

[Event "22nd Abu Dhabi Masters"]
[Site "Abu Dhabi UAE"]
[Date "2015.08.26"]
[Round "5.17"]
[White "Vignesh,N R"]
[Black "Akopian,Vl"]
[Result "0-1"]
[BlackTitle "GM"]
[WhiteElo "2430"]
[BlackElo "2647"]
[WhiteFideId "25012215"]
[BlackFideId "13300032"]
[EventDate "2015.08.23"]

1. e4 c5 2. Nf3 Nc6 3. d4 cxd4 4. Nxd4 Qb6 5. Nb3 Nf6 6. Nc3 e6 7. Bd3 Be7 8.
O-O a6 9. Be3 Qc7 10. f4 d6 11. a4 b6 12. Kh1 Bb7 13. f5 Ne5 14. fxe6 fxe6 15.
Nd4 Bc8 16. Nf3 O-O 17. Nxe5 dxe5 18. Qe2 Bc5 19. Bxc5 Qxc5 20. Bc4 Ra7 21. Rad1
h6 22. Bb3 Raf7 23. Rf3 Kh7 24. Rdf1 Rd8 25. Bc4 Rfd7 26. Bd3 Qb4 27. Nd1 Bb7
28. Nf2 Qe7 29. b3 a5 30. Qe3 Rd4 31. Kg1 Kg8 32. Rh3 Qc5 33. Kh1 Rf8 34. Rf3
Kh7 35. g4 Rb4 36. Qe2 Kg8 37. Bc4 Qc6 38. c3 Rxc4 39. Qxc4 Qxc4 40. bxc4 Rc8
41. Kg1 Rxc4 42. Rb1 Nxe4 43. Rxb6 Ng5 44. Re3 Bd5 45. Rb8+ Kh7 46. Nd3 Rxc3 47.
Kf2 Ne4+ 48. Rxe4 Bxe4 49. Nxe5 Ra3 50. h4 Rxa4 51. h5 Rb4 52. Re8 Bc2 53. Nd7
Ba4 54. Nf8+ Kg8 55. Nd7+ Kf7 56. Rf8+ Ke7 57. Rg8 Bxd7 58. Rxg7+ Kd6 0-1

[Event "22nd Abu Dhabi Masters"]
[Site "Abu Dhabi UAE"]
[Date "2015.08.26"]
[Round "5.18"]
[White "Jones,G"]
[Black "Karavade,E"]
[Result "1-0"]
[WhiteTitle "GM"]
[BlackTitle "IM"]
[WhiteElo "2647"]
[BlackElo "2409"]
[WhiteFideId "409561"]
[BlackFideId "5012600"]
[EventDate "2015.08.23"]

1. e4 e6 2. d4 d5 3. Nc3 Bb4 4. exd5 exd5 5. Bd3 Nc6 6. a3 Bxc3+ 7. bxc3 Nge7 8.
Qh5 Be6 9. Rb1 b6 10. Ne2 Qd7 11. O-O Bf5 12. Nf4 Bxd3 13. cxd3 O-O 14. Qg5 Rad8
15. Rb2 Qf5 16. Qg3 Rfe8 17. Re2 Nc8 18. Rfe1 Rxe2 19. Rxe2 N8e7 20. h4 h6 21.
a4 Kh8 22. Ba3 Ng8 23. Qf3 Nf6 24. Be7 Rd7 25. Bxf6 Qxf6 26. Re8+ Kh7 27. Qg4
Rd6 28. g3 Ne7 29. h5 c5 30. Qe2 Rd7 31. dxc5 bxc5 32. c4 dxc4 33. Qe4+ g6 34.
dxc4 Qa1+ 35. Kg2 Qf6 36. a5 Qd6 37. hxg6+ Nxg6 38. Nd5 Rd8 39. Re7 Kg7 40. Rxa7
Qe5 41. Qf3 Rf8 42. a6 Qd4 43. Ne3 Kg8 44. Nf5 Qxc4 45. Nxh6+ Kg7 46. Nxf7 1-0

[Event "22nd Abu Dhabi Masters"]
[Site "Abu Dhabi UAE"]
[Date "2015.08.26"]
[Round "5.19"]
[White "Oganisjn,R"]
[Black "Ghaem Maghami,E"]
[Result "0-1"]
[WhiteTitle "FM"]
[BlackTitle "GM"]
[WhiteElo "2328"]
[BlackElo "2609"]
[WhiteFideId "4153006"]
[BlackFideId "12500739"]
[EventDate "2015.08.23"]

1. d4 Nf6 2. c4 e6 3. Nc3 Bb4 4. f3 c5 5. d5 d6 6. e4 Bxc3+ 7. bxc3 Qa5 8. Qb3
O-O 9. Bd3 Nbd7 10. Bf4 Qc7 11. Ne2 Nh5 12. Bg5 Ne5 13. Qb1 h6 14. Bd2 Qb6 15.
Nc1 Qxb1 16. Rxb1 f5 17. exf5 exf5 18. O-O f4 19. Rb3 b6 20. Re1 Ba6 21. Ra3
Nxd3 22. Nxd3 Bxc4 23. Nb2 Bxd5 24. c4 Bf7 25. Re7 a6 26. Rd7 d5 27. Na4 Rab8
28. cxd5 Nf6 29. Ra7 Nxd5 30. Rxa6 Rfd8 31. Ra7 g5 32. h4 Nb4 33. Rxf7 Kxf7 34.
Bxb4 cxb4 35. Rb3 Rd4 0-1

[Event "22nd Abu Dhabi Masters"]
[Site "Abu Dhabi UAE"]
[Date "2015.08.26"]
[Round "5.20"]
[White "Papp,Ga"]
[Black "Siva,Mahadevan"]
[Result "1/2-1/2"]
[WhiteTitle "GM"]
[WhiteElo "2601"]
[BlackElo "2401"]
[WhiteFideId "718602"]
[BlackFideId "25043153"]
[EventDate "2015.08.23"]

1. Nf3 Nf6 2. c4 c6 3. d4 d5 4. e3 e6 5. b3 c5 6. Nbd2 Nc6 7. Bb2 cxd4 8. exd4
Be7 9. Bd3 O-O 10. O-O dxc4 11. bxc4 b6 12. Rc1 Bb7 13. Re1 Rc8 14. Bb1 Re8 15.
a3 Bf8 16. h4 g6 17. Nf1 Bg7 18. Ng3 Na5 19. Ba2 Re7 20. Ne5 Rec7 21. Bc3 Nd7
22. Bxa5 Nxe5 23. dxe5 Qxd1 24. Rcxd1 bxa5 25. h5 Ba6 26. Re4 Rc5 27. Rd7 Bxe5
28. Rxa7 Bxc4 29. Bxc4 Bxg3 30. fxg3 Rxc4 31. Rxc4 Rxc4 32. h6 Kf8 1/2-1/2

[Event "22nd Abu Dhabi Masters"]
[Site "Abu Dhabi UAE"]
[Date "2015.08.26"]
[Round "5.21"]
[White "Gopal,G"]
[Black "Asgarizadeh,A"]
[Result "1-0"]
[WhiteTitle "GM"]
[BlackTitle "IM"]
[WhiteElo "2562"]
[BlackElo "2407"]
[WhiteFideId "5015693"]
[BlackFideId "12505684"]
[EventDate "2015.08.23"]

1. e4 e5 2. Nf3 Nc6 3. Bb5 a6 4. Ba4 Nf6 5. O-O Be7 6. Re1 b5 7. Bb3 d6 8. c3
O-O 9. h3 Na5 10. Bc2 c5 11. d4 Nd7 12. d5 Nb6 13. Nbd2 Bd7 14. Nf1 Qc7 15. Ng3
Nb7 16. Nh2 Qd8 17. Nf3 a5 18. b3 c4 19. Be3 Qc7 20. Bxb6 Qxb6 21. bxc4 Rfc8 22.
Nd2 Bd8 23. Rb1 Qa7 24. Nf5 g6 25. Ne3 Bb6 26. Qe2 b4 27. cxb4 axb4 28. Rxb4 Bd4
29. Rbb1 Nc5 30. Bb3 Rf8 31. Rf1 Na4 32. Bxa4 Qxa4 33. Nf3 Rfc8 34. Rfd1 Bxe3
35. Qxe3 Rxc4 36. Re1 Kg7 37. Rb2 Rc2 38. Re2 Rxb2 39. Rxb2 Qc4 40. Kh2 h6 41.
a3 Ra4 42. Rb6 Qc7 43. Rb4 Rxb4 44. axb4 Qc4 45. Qb6 Qxe4 46. Qxd6 Qf4+ 47. Kh1
Bxh3 48. Qxe5+ Qxe5 49. Nxe5 Bf5 50. b5 Be4 51. b6 Bxd5 52. Nd7 h5 53. Kg1 h4
54. Nc5 g5 55. b7 Bxb7 56. Nxb7 f5 57. Nc5 Kf6 58. Nd3 g4 59. Kf1 Kg5 60. g3 h3
61. Kg1 Kf6 62. Kh2 Kg5 63. f3 Kf6 64. Nf2 Kg5 65. fxg4 fxg4 66. Kg1 1-0

[Event "22nd Abu Dhabi Masters"]
[Site "Abu Dhabi UAE"]
[Date "2015.08.26"]
[Round "5.22"]
[White "Horvath,Ad1"]
[Black "Kulkarni,R"]
[Result "1/2-1/2"]
[WhiteTitle "GM"]
[WhiteElo "2540"]
[BlackElo "2368"]
[WhiteFideId "708003"]
[BlackFideId "5037077"]
[EventDate "2015.08.23"]

1. e4 c5 2. Nf3 e6 3. d4 cxd4 4. Nxd4 a6 5. Bd3 Ne7 6. O-O Nbc6 7. Nxc6 Nxc6 8.
Qg4 g6 9. Bg5 Be7 10. Bh6 Bf8 11. Bxf8 Kxf8 12. Nd2 h5 13. Qf4 d6 14. c3 Kg7 15.
a4 Rb8 16. Rfd1 b5 17. axb5 axb5 18. Nf3 Qc7 19. Bc2 Rd8 20. h3 Bb7 21. Qe3 Ba8
22. b4 Rbc8 23. Bb3 Ne5 24. Nxe5 dxe5 25. Rxd8 Rxd8 26. Rd1 Rxd1+ 27. Bxd1 Qd6
28. Be2 Bc6 29. Qd3 Qxd3 30. Bxd3 f5 31. f3 Kf6 32. h4 g5 33. hxg5+ Kxg5 34.
exf5 exf5 35. c4 bxc4 36. Bxc4 Kf4 37. Ba6 Kg3 38. b5 Bd5 39. b6 h4 40. b7 Bxb7
41. Bxb7 h3 42. gxh3 e4 43. Bxe4 fxe4 44. fxe4 Kf4 45. h4 Kxe4 1/2-1/2

[Event "22nd Abu Dhabi Masters"]
[Site "Abu Dhabi UAE"]
[Date "2015.08.26"]
[Round "5.23"]
[White "Pakleza,Z"]
[Black "Bashirli,Nail"]
[Result "1-0"]
[WhiteTitle "GM"]
[BlackTitle "FM"]
[WhiteElo "2520"]
[BlackElo "2235"]
[WhiteFideId "1119290"]
[BlackFideId "13406809"]
[EventDate "2015.08.23"]

1. e4 c5 2. Nf3 d6 3. Bc4 Nf6 4. d3 g6 5. O-O Bg7 6. c3 O-O 7. h3 Nc6 8. Bb3 b5
9. d4 cxd4 10. cxd4 Na5 11. Bc2 Bb7 12. Nbd2 Rc8 13. Re1 Qb6 14. Nf1 Rc7 15. Ng3
Rfc8 16. Bd3 Nd7 17. Be3 Nc4 18. Bxc4 Rxc4 19. Re2 a5 20. d5 Qc7 21. Kh2 b4 22.
Nd4 Ba6 23. Rd2 h5 24. Nge2 Be5+ 25. Kg1 Qb7 26. Nc6 R8xc6 27. dxc6 Qxc6 28. f3
Nb6 29. Rb1 Qb7 30. b3 Rc8 31. Rc1 Bxe2 32. Rxc8+ Qxc8 33. Qxe2 Nd7 34. Rc2 Qb7
35. Qf2 Qb5 36. Rc7 e6 37. g4 hxg4 38. hxg4 Nf6 39. Rc8+ Ne8 40. Qh4 Qd7 41. Rd8
Qb5 42. Qe7 Bh2+ 43. Kf2 1-0

[Event "22nd Abu Dhabi Masters"]
[Site "Abu Dhabi UAE"]
[Date "2015.08.26"]
[Round "5.26"]
[White "Predke,A"]
[Black "Soumya,Sw"]
[Result "0-1"]
[BlackTitle "WGM"]
[WhiteElo "2548"]
[BlackElo "2325"]
[WhiteFideId "24107581"]
[BlackFideId "5016193"]
[EventDate "2015.08.23"]

1. c4 Nf6 2. Nc3 d5 3. cxd5 Nxd5 4. g3 g6 5. Bg2 Nxc3 6. bxc3 Bg7 7. Rb1 Nc6 8.
h4 Qd7 9. Qa4 Nd8 10. Qc2 Qf5 11. e4 Qa5 12. h5 e5 13. d3 Ne6 14. Bd2 Qa6 15.
Nf3 Bd7 16. c4 O-O-O 17. h6 Bf6 18. Qc3 Ba4 19. Be3 Qd6 20. O-O a6 21. Qa5 Bc2
22. Rbc1 Bxd3 23. Rfd1 Qc6 24. Nxe5 Bxe5 25. Qxe5 Rhe8 26. Qf6 Bxe4 27. Bxe4
Qxe4 28. Qxf7 g5 29. c5 Rf8 30. Rxd8+ Rxd8 31. c6 bxc6 32. Qe7 Rd6 33. Re1 Qg6
34. a4 c5 35. Bc1 Nd4 36. Kg2 Qf5 37. Bxg5 Nf3 38. Qe8+ Kb7 39. Re3 Nxg5 40.
Rb3+ Rb6 41. Rxb6+ cxb6 42. Qe7+ Kc6 43. Qe8+ Kd5 0-1

[Event "22nd Abu Dhabi Masters"]
[Site "Abu Dhabi UAE"]
[Date "2015.08.26"]
[Round "5.27"]
[White "Stopa,Ja"]
[Black "Firouzja,Alireza"]
[Result "1/2-1/2"]
[WhiteTitle "GM"]
[WhiteElo "2544"]
[BlackElo "2309"]
[WhiteFideId "1119591"]
[BlackFideId "12573981"]
[EventDate "2015.08.23"]

1. d4 Nf6 2. c4 g6 3. Nc3 d5 4. cxd5 Nxd5 5. Bd2 Bg7 6. e4 Nxc3 7. Bxc3 O-O 8.
Qd2 Nc6 9. Nf3 Bg4 10. d5 Bxf3 11. Bxg7 Kxg7 12. gxf3 Ne5 13. Qc3 f6 14. f4 Nf7
15. O-O-O Qd6 16. Qe3 Qb6 17. Qxb6 axb6 18. Kb1 Rfd8 19. Bh3 c6 20. Be6 Ra5 21.
Rc1 c5 22. f3 Nd6 23. h4 Nb5 24. h5 Nd4 25. Rh3 g5 26. h6+ Kh8 27. fxg5 fxg5 28.
Rg3 Nxe6 29. dxe6 Rd6 30. Rxg5 Ra8 31. Re5 Rf8 32. Rg1 Rf6 33. Rg7 Rdxe6 34.
Rxe7 Rxe5 35. Rxe5 Rxh6 36. f4 Rh4 37. Rf5 Rh2 38. e5 Re2 39. Rf6 Re4 40. Kc2 c4
41. Rxb6 Rxf4 42. Rxb7 h5 43. e6 Re4 44. e7 Kg8 45. Rb8+ Kf7 46. Rh8 Kxe7 47.
Rxh5 Kd6 48. Kc3 Kc6 49. a4 Rg4 50. a5 Rf4 51. Kb4 Rf2 52. Rh6+ Kd5 53. Ka3 Rf3+
54. Ka4 Kc5 55. Rb6 Rf1 56. Rb5+ Kc6 57. Kb4 Rf2 58. Rc5+ Kd6 59. Rxc4 Rxb2+ 60.
Ka4 Ra2+ 61. Kb5 Rb2+ 62. Ka6 Kd7 63. Ka7 Rb1 64. a6 Rb2 65. Ka8 Rb6 66. Ka7 Rb1
67. Rh4 Kc7 68. Rh7+ Kc8 69. Rb7 Ra1 70. Rb4 Kc7 71. Rc4+ Kd7 72. Rc5 Rb1 73.
Rc2 1/2-1/2